| 000 | 00651cam a2200145 4500500 | ||
|---|---|---|---|
| 005 | 20260201141714.0 | ||
| 041 | _afre | ||
| 042 | _adc | ||
| 100 | 1 | 0 |
_aFonkoua, Romuald _eauthor |
| 245 | 0 | 0 | _aYves Benot et Marcel Dorigny, 1802. Rétablissement de l’esclavage dans les colonies. Aux origines d’Haïti. Ruptures et continuités de la politique coloniale française (1800-1830) Maisonneuve et Larose, Paris, 2002 |
| 260 | _c2004. | ||
| 500 | _a39 | ||
| 786 | 0 | _nPrésence Africaine | 169 | 1 | 2004-02-01 | p. 241f-256f | 0032-7638 | |
| 856 | 4 | 1 | _uhttps://shs.cairn.info/revue-presence-africaine-2004-1-page-241f?lang=fr&redirect-ssocas=7080 |
| 999 |
_c1642773 _d1642773 |
||